00534 2200205 4500001002100000005001500021008004100036020002200077035001900099041000700118082001300125090001900138100002600157245003900183250000600222260003400228300002300262500001100285650003200296INLIS00000000000241620241224112532241224||||||||| | ||| |||| || |  a978-979-3027-49-4 0010-1224002416 aid0 a610.7301 a610.7301 AZI p0 aA Aziz Alimul Hidayat00aPengantar Konsep Dasar Keperawatan a2 aJakartabSalemba Medikac2013 a144 hlm;21 x 26 cm aJil. 1 0aIlmu Terapan -- Keperawatan